[Event "OGD Prinsenstad-toernooi - C groep"]
[Site "Delft"]
[Date "2015.04.05"]
[Round "6.3"]
[White "Mestrom, Ton"]
[Black "Arkesteijn, Jaco"]
[Result "1/2-1/2"]
[WhiteElo "1714"]
[BlackElo "1637"]
[PlyCount "36"]
[EventDate "2015.04.03"]
[EventType "swiss"]
[EventRounds "6"]
[EventCountry "NED"]
[Source "DSC"]
[SourceDate "2015.07.04"]

1. c4 Nf6 2. e3 c5 3. d4 cxd4 4. exd4 d5 5. Nc3 Nc6 6. Nf3 Bg4 7. Be3 e6 8. Be2
Be7 9. O-O O-O 10. c5 b6 11. b4 Bxf3 12. Bxf3 bxc5 13. bxc5 Rb8 14. Qa4 Qa5 15.
Qxa5 Nxa5 16. Rab1 Nc6 17. g3 g5 18. Rfd1 Rfd8 1/2-1/2

[Event "OGD Prinsenstad-toernooi - C groep"]
[Site "Delft"]
[Date "2015.04.05"]
[Round "6.14"]
[White "Weerts, René"]
[Black "Nobel, Corniel"]
[Result "0-1"]
[WhiteElo "1615"]
[BlackElo "1679"]
[Annotator "Corniel Nobel"]
[PlyCount "70"]
[EventDate "2015.04.03"]
[EventType "swiss"]
[EventRounds "6"]
[EventCountry "NED"]
[Source "DSC"]
[SourceDate "2015.07.04"]

1. d4 f5 2. Nf3 Nf6 3. c3 g6 4. Bg5 Bg7 5. Nbd2 O-O 6. h4 h6 7. Ne5 Qe8 ({
In varianten als} 7... hxg5 8. Nxg6 g4 9. Nxf8 Qxf8 {had ik niet zo'n zin.}) 8.
Bf4 d6 9. Nd3 Nc6 10. Qb3+ Kh7 11. Nf3 Nh5 12. e3 $2 (12. d5 Nd8 13. Bh2 e5 $15
) 12... e5 $1 {Een dubbele aanval op de paarden met de d-pion is alleen te
voorkomen door op een andere manier materiaal te geven.} 13. Bxh6 $5 {
Ik denk wits beste kans om er met een stuk minder iets van te maken.} Bxh6 14.
Ng5+ Bxg5 15. hxg5 exd4 16. Nf4 {
Wit gaat vol het gepende stuk en de open h-lijn.} (16. cxd4 Nxd4 17. Qc3 Ne6
$19 {zwart staat een pion en een stuk voor en alle probemen zijn zo ongeveer
wel opgelost.}) 16... dxe3 17. Be2 exf2+ 18. Kxf2 Qe5 {Ik vond het heel
moeilijk om in te schatten het beste veld was om de dame heen te plaatsen.
Nadeel van e5 is dat het veld niet beschikbaar is het paard, maar e4 is een
wit veld, en dat zorg potentieel voor problemen met de witte loper.} (18... Qe4
19. Nxh5 gxh5 20. Rxh5+ Kg6 21. Rah1 f4 $1 {
Hiermee dekt zwart g7 ook met de dame.} (21... Ne5 $2 22. Rh6+ Kg7 23. Rh7+ Kg6
24. R1h6+ Kxg5 25. Rh5+ Kf6 26. R5h6+ Ng6 27. Bh5 Qf4+ 28. Kg1 $11 {
en nu moet zwart voor eeuwig schaak gaan.}) 22. Rh6+ Kg7 23. Rh7+ Qxh7 24.
Rxh7+ Kxh7 25. Bd3+ Kg7 $19 {Hoewel dit lastig is, zijn de vier stukken van
zwart sterker dan de twee van wit.}) 19. Nxh5 gxh5 20. Rxh5+ Kg6 21. Rah1 Qf4+
(21... Qc5+ 22. Kf1 d5 $1 {
Hierdoor kan zwart over de witte velden een veiliger heenkomen vinden.} (22...
Ne5 23. Rh6+ Kg7 24. Rh7+ Kg6 25. R1h6+ Kxg5 26. Rh5+ Kf6 27. R5h6+ Kg5 28.
Rh5+ {eeuwig schaak.}) 23. Rh6+ Kf7 24. Rh7+ Ke6 25. R1h6+ Ke5 26. Rxc7 f4 {
Allemaal heel tricky.}) 22. Ke1 {Ondanks het dappere aanvallende spel heeft
wit niet meer bereikt dan remise, middels eeuwig schaak.} (22. Kg1 Qd2 23. Rh6+
Kxg5 24. R1h5+ Kf4 25. Qc4+ Ke5 26. Bf3 d5 27. Qh4 {nog steeds tricky.}) 22...
Qc1+ 23. Qd1 $4 {Dames ruilen is een serieuze verliespoging.} (23. Kf2 Qf4+ 24.
Ke1 Qc1+ $11) 23... Qxd1+ 24. Kxd1 Ne5 25. Rh6+ Kxg5 26. g3 {Wit dreigt mat.}
Ng6 $1 {Alle alternatieven lopen mat, maar de tekstzet maakt veld f6
beschikbaar voor de koning.} 27. R1h5+ Kf6 {
De rest is verspeelde moeite voor wit.} 28. Bd3 Be6 29. g4 Rh8 30. g5+ Kg7 31.
Rh1 Rxh6 32. gxh6+ Kh7 33. Rh5 Rf8 34. Rh1 f4 35. Rh5 $4 {
Het geeft direct een volle toren weg.} Bg4+ {En wit geeft op.} 0-1

[Event "OGD Prinsenstad-toernooi - D groep"]
[Site "Delft"]
[Date "2015.04.04"]
[Round "2.4"]
[White "Mol, Geert Jan"]
[Black "Van Klaveren, Justus"]
[Result "1/2-1/2"]
[WhiteElo "1396"]
[BlackElo "1514"]
[PlyCount "60"]
[EventDate "2015.04.03"]
[EventType "swiss"]
[EventRounds "6"]
[EventCountry "NED"]
[Source "DSC"]
[SourceDate "2015.07.04"]

1. d4 f5 2. Nf3 g6 3. g3 Bg7 4. Bg2 Nf6 5. O-O O-O 6. c4 d6 7. Qc2 c6 8. Nc3
Qc7 9. Bd2 e5 10. dxe5 dxe5 11. Rfd1 Be6 12. b3 Nbd7 13. Ng5 Bf7 14. Nxf7 Rxf7
15. e4 f4 16. f3 g5 17. g4 Bf8 18. Be1 Bc5+ 19. Bf2 Bxf2+ 20. Qxf2 Nf8 21. Rd2
Ne6 22. Ne2 c5 23. Rad1 Nd4 24. Nc3 Rc8 25. h3 a6 26. Bf1 Kg7 27. Kg2 Qd7 28.
Be2 Qc6 29. Rh1 h6 30. Bd3 Rh8 1/2-1/2

[Event "OGD Prinsenstad-toernooi - D groep"]
[Site "Delft"]
[Date "2015.04.04"]
[Round "3.4"]
[White "Tran, Tommy"]
[Black "Schraets, Mark"]
[Result "1-0"]
[WhiteElo "1134"]
[BlackElo "1002"]
[PlyCount "137"]
[EventDate "2015.04.03"]
[EventType "swiss"]
[EventRounds "6"]
[EventCountry "NED"]
[Source "DSC"]
[SourceDate "2015.07.04"]

1. e4 e5 2. Nf3 d6 3. d4 f6 4. c4 exd4 5. Nxd4 b6 6. Nc3 Bb7 7. Bd3 Ne7 8. O-O
Nbc6 9. Nce2 Ne5 10. f4 Nxd3 11. Qxd3 Qd7 12. f5 O-O-O 13. Ne6 Re8 14. Nc3 a6
15. b4 Nc6 16. Nd5 Ne5 17. Qd4 Bxd5 18. Qxd5 c6 19. Qd4 c5 20. Qd5 Qc6 21. a3
Qxd5 22. cxd5 g6 23. Bb2 Be7 24. Bxe5 fxe5 25. f6 Bf8 26. Rab1 h5 27. bxc5 bxc5
28. Rb6 Rh7 29. Rxa6 Rb7 30. Rc1 Bh6 31. Rc2 Be3+ 32. Kf1 Kd7 33. f7 Ke7 34.
fxe8=Q+ Kxe8 35. Ke2 Bh6 36. Rxd6 c4 37. Rxc4 Rb2+ 38. Kd3 Rd2+ 39. Kc3 Ke7 40.
Rd8 Rd1 41. Rc7+ Kf6 42. Rf8+ Bxf8 43. Nxf8 Rc1+ 44. Kb4 Rxc7 45. a4 Rb7+ 46.
Kc5 Ra7 47. Kb5 Ra8 48. Nd7+ Ke7 49. Nb6 Rb8 50. a5 Kd8 51. a6 Kc7 52. a7 Rxb6+
53. Ka5 Kb7 54. a8=Q+ Kxa8 55. Kxb6 Kb8 56. Kc6 Kc8 57. Kd6 Kd8 58. Kxe5 Ke7
59. d6+ Kd7 60. Kd5 g5 61. e5 g4 62. e6+ Ke8 63. e7 Kd7 64. h3 gxh3 65. gxh3 h4
66. Ke5 Ke8 67. Kf6 Kd7 68. Kf7 Kxd6 69. e8=Q 1-0

[Event "OGD Prinsenstad-toernooi - D groep"]
[Site "Delft"]
[Date "2015.04.04"]
[Round "3.13"]
[White "Koks, Paul"]
[Black "Kanne, Kelvin"]
[Result "0-1"]
[WhiteElo "1547"]
[BlackElo "1511"]
[Annotator "Prinsenstad-toernooi"]
[PlyCount "232"]
[EventDate "2015.04.03"]
[EventType "swiss"]
[EventRounds "6"]
[EventCountry "NED"]
[Source "DSC"]
[SourceDate "2015.07.04"]

{Paul Koks nomineerde zijn tegenstander voor de Spektakelprijs. De redactie
vindt dat wit ook zijn steentje heeft bijgedragen!} 1. d4 Nf6 2. c4 e6 3. Nf3
b6 4. Nc3 Bb4 5. Bg5 Bb7 6. e3 O-O 7. Be2 d5 8. O-O Bxc3 9. cxd5 Bxb2 10. Rb1
Ba3 11. dxe6 fxe6 12. Qb3 Qe7 13. Bc4 Bd5 14. Bxd5 exd5 15. Bxf6 Qe6 (15...
gxf6 16. Qxd5+ Kh8 17. Qxa8 c6 18. d5 $1) 16. Bxg7 Kxg7 17. Qxa3 Nd7 18. Rbc1
Kh8 19. Rxc7 Rxf3 20. Rxa7 (20. gxf3 Rg8+ 21. Kh1 Qh3 $19) 20... Rxa7 21. Qxa7
Rf7 22. Rc1 Qf5 23. Rf1 Qe6 24. a4 Nf6 25. Qb8+ Kg7 26. Rb1 Nd7 27. Qg3+ Qg6
28. Qxg6+ hxg6 29. Rb5 Rf5 30. f3 Kf6 31. Kf2 Ke6 32. a5 Kd6 33. axb6 Kc6 34.
g4 Rf6 (34... Kxb5 35. gxf5 gxf5 36. b7 Kb6 37. Kg3 Kxb7 38. Kf4 $18) 35. Ra5
Nxb6 36. Ra7 Kb5 37. Rc7 Nc4 38. Rc5+ Kb4 39. Rxd5 Nd2 40. f4 Kc4 41. Re5 Kd3
42. h4 Ne4+ 43. Kf3 Nd2+ 44. Kg2 {
Met vier pionnen tegen paard wil wit natuurlijk geen remise} Ne4 45. f5 Kxe3
46. d5 Ra6 47. Re6 Ra2+ 48. Kg1 Kf3 49. fxg6 Ra1+ 50. Kh2 Ra2+ 51. Kg1 Ng3 52.
Rf6+ Kxg4 53. Rf2 Ra7 54. Kg2 Nf5 55. h5 Nh4+ 56. Kh2 Kxh5 57. Rf7 Ra2+ 58. Kg3
Kxg6 59. Rf2 Nf5+ 60. Kf3 Ra4 61. Rd2 Nd6 62. Re2 Kf5 63. Re3 Kg5 64. Re5+ Nf5
65. d6 Kf6 66. Re4 Ra3+ 67. Kf4 Nxd6 {Theoretisch is dit eindspel remise. Maar
ook Erwin L'Ami redde dit niet in Wijk aan Zee (2011) tegen Magnus Carlsen.}
68. Rb4 Ra5 69. Kf3 Nf7 70. Rf4+ Ke6 71. Re4+ Kf6 72. Rf4+ Kg6 73. Rg4+ Ng5+
74. Kf4 Ra4+ 75. Kg3 Ra3+ 76. Kf4 Rf3+ 77. Ke5 Rf5+ 78. Kd4 Kf6 79. Kc4 Ke6 80.
Rd4 Nf3 81. Re4+ Kd6 82. Kd3 Kd5 83. Ke3 Ng5 84. Ra4 Ne6 85. Ra5+ Nc5 86. Rb5
Kc4 87. Ra5 Re5+ 88. Kf3 Kd4 89. Ra3 Rf5+ 90. Kg4 Rf8 91. Rf3 Rg8+ 92. Kh3 Ne4
93. Ra3 Ke5 94. Ra1 Nd2 95. Ra4 Ne4 96. Ra1 Kf4 97. Rf1+ Ke3 98. Rf5 Ng5+ 99.
Kh4 Nf3+ 100. Kh5 Ke4 101. Rf6 Ne5 102. Rf1 Nf3 103. Kh6 Nh4 104. Kh7 Rg4 105.
Rf6 Ke5 106. Ra6 Nf5 107. Rg6 $2 (107. Rb6) 107... Rh4+ 108. Kg8 Ne7+ 109. Kg7
Nxg6 110. Kxg6 Rg4+ 111. Kf7 Rg3 112. Ke7 Rg7+ 113. Kd8 Ke6 114. Kc8 Kd6 115.
Kb8 Kc6 116. Ka8 Kb6 0-1

[Event "OGD Prinsenstad-toernooi - D groep"]
[Site "Delft"]
[Date "2015.04.04"]
[Round "4.6"]
[White "Honkoop, Mark"]
[Black "De Zwart, Dennis"]
[Result "0-1"]
[WhiteElo "1450"]
[BlackElo "1596"]
[PlyCount "64"]
[EventDate "2015.04.03"]
[EventType "swiss"]
[EventRounds "6"]
[EventCountry "NED"]
[Source "DSC"]
[SourceDate "2015.07.04"]

1. e4 c5 2. Nf3 Nc6 3. d4 cxd4 4. Nxd4 Nf6 5. Nc3 g6 6. Bc4 Bg7 7. O-O O-O 8.
Be3 d6 9. Qd2 Ng4 10. Nxc6 bxc6 11. Bd4 Bh6 12. Qe2 e5 13. Be3 Bxe3 14. fxe3
Qh4 15. h3 Nh6 16. Rad1 Qe7 17. Nb1 Kg7 18. c3 f5 19. exf5 Nxf5 20. e4 Ng3 21.
Qd2 Nxf1 22. Rxf1 Rxf1+ 23. Kxf1 Bd7 24. Na3 Rb8 25. Bb3 Rf8+ 26. Kg1 Qf6 27.
Bc4 Be6 28. Qxd6 Qf2+ 29. Kh1 Bxc4 30. Qxe5+ Kh6 31. Nxc4 Qf1+ 32. Kh2 Qxc4 0-1

[Event "OGD Prinsenstad-toernooi - D groep"]
[Site "Delft"]
[Date "2015.04.05"]
[Round "5.4"]
[White "Van der Hoeven, Carsten"]
[Black "Tran, Tommy"]
[Result "0-1"]
[WhiteElo "1431"]
[BlackElo "1134"]
[PlyCount "106"]
[EventDate "2015.04.03"]
[EventType "swiss"]
[EventRounds "6"]
[EventCountry "NED"]
[Source "DSC"]
[SourceDate "2015.07.04"]

1. e4 c5 2. Nf3 Nc6 3. d4 cxd4 4. Nxd4 g6 5. Nc3 Bg7 6. Be3 Nf6 7. Bb5 O-O 8.
Qd2 Ng4 9. Bxc6 dxc6 10. O-O-O c5 11. Ndb5 Qxd2+ 12. Rxd2 Nxe3 13. fxe3 Bh6 14.
Nd5 e6 15. Nf6+ Kg7 16. Ng4 Bg5 17. h4 Be7 18. g3 h5 19. Ne5 Bf6 20. Nc7 Bxe5
21. Nxa8 Kf6 22. Rg1 b5 23. Rgd1 Ke7 24. c3 Bxg3 25. Rg1 Be5 26. Rgd1 c4 27.
Kc2 f5 28. exf5 exf5 29. b3 cxb3+ 30. axb3 Be6 31. Ra1 Rxa8 32. Ra5 a6 33. c4
Bc7 34. Ra1 bxc4 35. bxc4 Bxc4 36. Rad1 Bb5 37. Rg1 Kf6 38. Rdg2 Rg8 39. Kb3
Bd6 40. Rf2 Bc5 41. Rf3 g5 42. Rfg3 g4 43. Rc1 Bb6 44. Re1 Re8 45. Rd1 Rxe3+
46. Rxe3 Bxe3 47. Rd6+ Ke5 48. Rg6 Ke4 49. Rg7 Be2 50. Rh7 g3 51. Rg7 Kf3 52.
Rf7 f4 53. Rf5 Kf2 0-1

[Event "OGD Prinsenstad-toernooi - D groep"]
[Site "Delft"]
[Date "2015.04.05"]
[Round "6.4"]
[White "Tran, Tommy"]
[Black "Karagantcheff, Dimitri"]
[Result "0-1"]
[WhiteElo "1134"]
[BlackElo "1477"]
[PlyCount "130"]
[EventDate "2015.04.03"]
[EventType "swiss"]
[EventRounds "6"]
[EventCountry "NED"]
[Source "DSC"]
[SourceDate "2015.07.04"]

1. e4 c5 2. Nf3 g6 3. d4 cxd4 4. Nxd4 Nc6 5. Nc3 Bg7 6. Be3 Nf6 7. Be2 O-O 8.
O-O d5 9. Nxc6 bxc6 10. exd5 Nxd5 11. Nxd5 cxd5 12. Bd4 Bxd4 13. Qxd4 e5 14.
Qc5 Be6 15. Rad1 Rc8 16. Qe3 f6 17. c3 Qa5 18. a3 Qc7 19. g3 f5 20. Rd2 f4 21.
Qd3 e4 22. Qb5 f3 23. Bd1 Qf7 24. Bb3 Rb8 25. Qa4 Qf5 26. Kh1 Qg5 27. Rfd1 Rbd8
28. Qxa7 h5 29. Qb6 Qf5 30. Qa6 Qe5 31. Qa7 Qg5 32. Ba2 h4 33. Qe3 Qxe3 34.
fxe3 hxg3 35. hxg3 Rf5 36. Kg1 Rg5 37. Kf2 Rh5 38. Rg1 Rh2+ 39. Ke1 Rxd2 40.
Kxd2 Kg7 41. Ke1 Rb8 42. b3 Rc8 43. Kd2 f2 44. Rf1 Rf8 45. a4 Bh3 46. Ke2 Bg4+
47. Kd2 Rf3 48. a5 Bc8 49. Ke2 Ba6+ 50. c4 dxc4 51. bxc4 Rf5 52. Ra1 Rxa5 53.
Kxf2 Bxc4 54. Bxc4 Rxa1 55. Bd5 Ra4 56. g4 Kf6 57. Kg3 Ke5 58. Bf7 g5 59. Bg6
Ra1 60. Bf5 Rf1 61. Kg2 Rf3 62. Kg1 Rxe3 63. Kf2 Kf4 64. Be6 Rg3 65. Bf5 Rxg4
0-1

[Event "OGD Prinsenstad-toernooi - D groep"]
[Site "Delft"]
[Date "2015.04.05"]
[Round "6.9"]
[White "Torenstra, Jan"]
[Black "Loedeman, Bert"]
[Result "1-0"]
[WhiteElo "1143"]
[BlackElo "1460"]
[PlyCount "31"]
[EventDate "2015.04.03"]
[EventType "swiss"]
[EventRounds "6"]
[EventCountry "NED"]
[Source "DSC"]
[SourceDate "2015.07.04"]

1. d4 d5 2. e4 dxe4 3. f3 exf3 4. Nxf3 Bg4 5. Nc3 Nf6 6. Bd3 Nc6 7. h3 Bxf3 8.
Qxf3 Qxd4 9. Bb5 Qe5+ 10. Be3 Nd7 11. O-O-O Rd8 12. Bf4 Qf6 13. Nd5 e6 14.
Nxf6+ Nxf6 15. Bxc6+ bxc6 16. Qxc6+ 1-0

[Event "OGD Prinsenstad-toernooi - D groep"]
[Site "Delft"]
[Date "2015.04.05"]
[Round "6.14"]
[White "Maters, Arthur"]
[Black "Wagter, Eric"]
[Result "0-1"]
[WhiteElo "1065"]
[BlackElo "1240"]
[PlyCount "56"]
[EventDate "2015.04.03"]
[EventType "swiss"]
[EventRounds "6"]
[EventCountry "NED"]
[Source "DSC"]
[SourceDate "2015.07.04"]

1. c4 e5 2. Nc3 f5 3. e3 Nf6 4. Nge2 Bb4 5. Nd5 Be7 6. Nxe7 Qxe7 7. g3 O-O 8.
Bg2 d6 9. O-O c6 10. a3 Be6 11. d3 Nbd7 12. b4 Rab8 13. Qc2 Qf7 14. Rb1 Ng4 15.
Bd2 Qh5 16. h3 Ngf6 17. Rfe1 Rbc8 18. d4 f4 19. g4 Nxg4 20. hxg4 Bxg4 21. Qd3
f3 22. Ng3 Qh4 23. Bf1 Rf6 24. e4 Rcf8 25. c5 g5 26. Qe3 Rg6 27. cxd6 Kh8 28.
dxe5 Rh6 0-1

[Event "Prinsenstad-toernooi - A groep"]
[Site "Delft"]
[Date "2016.03.25"]
[Round "1.1"]
[White "Reinderman, Dimitri"]
[Black "Voogt, Bob"]
[Result "1-0"]
[WhiteElo "2581"]
[BlackElo "2103"]
[PlyCount "87"]
[EventDate "2016.03.25"]
[EventType "swiss"]
[EventRounds "6"]
[EventCountry "NED"]
[Source "DSC"]
[SourceDate "2016.03.25"]

1. c4 f5 2. Nc3 Nf6 3. Nf3 e6 4. d4 Be7 5. Bf4 d6 6. e3 O-O 7. h3 Qe8 8. Be2
Bd8 9. Bh2 Nbd7 10. O-O e5 11. b4 Kh8 12. Qc2 g6 13. c5 exd4 14. exd4 dxc5 15.
bxc5 Ne4 16. Rfe1 Nxc3 17. Qxc3 Qf7 18. Rab1 f4 19. c6 Nb6 20. Ne5 Qf6 21. Bf3
bxc6 22. Bxc6 Rb8 23. a4 Be6 24. Ng4 Bxg4 25. hxg4 Qd6 26. Qc5 a5 27. Re6 Qxc5
28. dxc5 Nd7 29. Rxb8 Nxb8 30. Bb5 c6 31. Bxc6 Na6 32. Bb5 Nxc5 33. Re5 Bb6 34.
Kf1 Kg7 35. Ke2 Rf7 36. f3 Nb3 37. Kd3 Be3 38. g5 h6 39. gxh6+ Kxh6 40. g4 Rc7
41. Rxe3 Nc1+ 42. Kd4 fxe3 43. Bxc7 e2 44. Bg3 1-0

[Event "Prinsenstad-toernooi - A groep"]
[Site "Delft"]
[Date "2016.03.25"]
[Round "1.2"]
[White "Galehdari, Bardia"]
[Black "Van den Doel, Erik"]
[Result "1/2-1/2"]
[WhiteElo "2080"]
[BlackElo "2564"]
[PlyCount "48"]
[EventDate "2016.03.25"]
[EventType "swiss"]
[EventRounds "6"]
[EventCountry "NED"]
[Source "DSC"]
[SourceDate "2016.03.25"]

1. e4 e5 2. Nf3 Nc6 3. Bb5 a6 4. Ba4 Nf6 5. d3 b5 6. Bb3 Bc5 7. Nc3 O-O 8. a4
b4 9. Nd5 h6 10. O-O d6 11. Nxf6+ Qxf6 12. Bd5 Bb7 13. Be3 Bxe3 14. fxe3 Na5
15. Bxb7 Nxb7 16. Nd4 Qg5 17. Nf5 Kh7 18. h4 Qd8 19. Nxg7 Kxg7 20. Qg4+ Kh7 21.
Qf5+ Kg7 22. Qg4+ Kh7 23. Qf5+ Kg7 24. Qg4+ Kh7 1/2-1/2

[Event "Prinsenstad-toernooi - A groep"]
[Site "Delft"]
[Date "2016.03.25"]
[Round "1.3"]
[White "Haslinger, Stewart"]
[Black "Cebula, Jerzy"]
[Result "1/2-1/2"]
[WhiteElo "2508"]
[BlackElo "2075"]
[PlyCount "108"]
[EventDate "2016.03.25"]
[EventType "swiss"]
[EventRounds "6"]
[EventCountry "NED"]
[Source "DSC"]
[SourceDate "2016.03.25"]

1. e4 e5 2. Nf3 Nc6 3. Bc4 Nf6 4. d3 Bc5 5. c3 O-O 6. Nbd2 d6 7. O-O Qe7 8. b4
Bb6 9. a4 a6 10. h3 Be6 11. Ba3 Qd7 12. Bxe6 Qxe6 13. Nc4 Ba7 14. b5 axb5 15.
axb5 Ne7 16. Ng5 Qd7 17. Bxd6 cxd6 18. b6 Nc6 19. bxa7 Rxa7 20. Rxa7 Nxa7 21.
Nb6 Qc6 22. Qb3 h6 23. Nf3 Nc8 24. Nd5 Nxd5 25. exd5 Qb6 26. Qa2 Qc5 27. Qb3
Ne7 28. c4 b5 29. Qxb5 Qxb5 30. cxb5 Rb8 31. Rb1 Nxd5 32. Rb3 Rb6 33. d4 f6 34.
dxe5 dxe5 35. Nh4 Nc7 36. Nf5 Nxb5 37. h4 Rb7 38. Rd3 Nd4 39. Nxd4 Rd7 40. g3
exd4 41. Kg2 h5 42. Kf3 Kf7 43. Ke4 Ke6 44. Rxd4 Rxd4+ 45. Kxd4 Kf5 46. f3 g5
47. hxg5 fxg5 48. Ke3 h4 49. Kf2 g4 50. gxh4 gxf3 51. Kxf3 Kg6 52. Kg4 Kh6 53.
h5 Kh7 54. Kg5 Kg7 1/2-1/2

[Event "Prinsenstad-toernooi - A groep"]
[Site "Delft"]
[Date "2016.03.25"]
[Round "1.4"]
[White "Van Renswoude, Jeffrey"]
[Black "Ducarmon, Quinten"]
[Result "0-1"]
[WhiteElo "2069"]
[BlackElo "2473"]
[PlyCount "84"]
[EventDate "2016.03.25"]
[EventType "swiss"]
[EventRounds "6"]
[EventCountry "NED"]
[Source "DSC"]
[SourceDate "2016.03.25"]

1. d4 d5 2. Bg5 h6 3. Bh4 c6 4. c3 Bf5 5. e3 Qb6 6. Qb3 e6 7. Nd2 Ne7 8. Ngf3
Bh7 9. Bg3 Nf5 10. Bf4 Be7 11. h4 Nd7 12. Be2 Bd6 13. Bxd6 Nxd6 14. g4 Qc7 15.
c4 dxc4 16. Nxc4 Nxc4 17. Qxc4 Be4 18. Rh3 O-O-O 19. Qc3 h5 20. g5 Kb8 21. b4
f6 22. Rg3 Bf5 23. Rc1 Qd6 24. a4 Rhf8 25. a5 a6 26. Nd2 e5 27. Nb3 g6 28. Rd1
Qe7 29. Nc5 exd4 30. Nxd7+ Rxd7 31. Rxd4 fxg5 32. Rxd7 Qxd7 33. Rxg5 Qc7 34.
Qc5 Rd8 35. Bxh5 Qh2 36. Bf3 Qxh4 37. Qe7 Qh8 38. Kf1 Qa1+ 39. Kg2 Rh8 40. Qd6+
Ka8 41. Kg3 Qg1+ 42. Bg2 Qh2+ 0-1

[Event "Prinsenstad-toernooi - A groep"]
[Site "Delft"]
[Date "2016.03.25"]
[Round "1.5"]
[White "Arnaudov, Petar"]
[Black "Nguyen, Kevin"]
[Result "1-0"]
[WhiteElo "2450"]
[BlackElo "2062"]
[PlyCount "89"]
[EventDate "2016.03.25"]
[EventType "swiss"]
[EventRounds "6"]
[EventCountry "NED"]
[Source "DSC"]
[SourceDate "2016.03.25"]

1. Nf3 Nf6 2. c4 g6 3. Nc3 Bg7 4. e4 d6 5. d4 O-O 6. h3 c5 7. d5 Na6 8. Bd3 e5
9. g4 Nc7 10. Be3 Rb8 11. Nd2 Bd7 12. a3 b5 13. cxb5 Nxb5 14. Nxb5 Bxb5 15.
Bxb5 Rxb5 16. Qc2 Nd7 17. Rg1 Qc7 18. h4 Rfb8 19. b3 a5 20. a4 Rb4 21. Rb1 Nb6
22. Ke2 Qc8 23. f3 Bf6 24. h5 Qa6+ 25. Qd3 c4 26. Nxc4 Nxc4 27. bxc4 Rb2+ 28.
Rxb2 Rxb2+ 29. Bd2 Bg5 30. Rd1 Qb6 31. Kf1 Rb3 32. c5 dxc5 33. Bc3 Bh4 34. Qc4
Rb1 35. Qe2 c4 36. Rxb1 Qxb1+ 37. Kg2 Qc1 38. Qb2 Qe3 39. Qb8+ Kg7 40. Bxe5+ f6
41. h6+ Kf7 42. Qc7+ Ke8 43. Qc8+ Ke7 44. d6+ Kf7 45. Qd7+ {Kg7 [%clk 0:00:57]}
1-0

[Event "Prinsenstad-toernooi - A groep"]
[Site "Delft"]
[Date "2016.03.25"]
[Round "1.6"]
[White "Oudshoorn, Arres"]
[Black "Lalic, Bogdan"]
[Result "1/2-1/2"]
[WhiteElo "2054"]
[BlackElo "2429"]
[PlyCount "41"]
[EventDate "2016.03.25"]
[EventType "swiss"]
[EventRounds "6"]
[EventCountry "NED"]
[Source "DSC"]
[SourceDate "2016.03.25"]

1. e4 c6 2. d4 d5 3. Nc3 dxe4 4. Nxe4 Bf5 5. Ng3 Bg6 6. Bc4 e6 7. N1e2 Bd6 8.
Nf4 Nf6 9. O-O O-O 10. c3 Nbd7 11. Qf3 e5 12. Nxg6 hxg6 13. Ne4 Nxe4 14. Qxe4
exd4 15. Qxd4 Qc7 16. Qh4 Rae8 17. Bg5 b5 18. Bb3 Nc5 19. Be3 Re4 20. Qh3 Qe7
21. Qf3 1/2-1/2

[Event "Prinsenstad-toernooi - A groep"]
[Site "Delft"]
[Date "2016.03.25"]
[Round "1.7"]
[White "De Jong, Migchiel"]
[Black "Glissenaar, Marcel"]
[Result "1-0"]
[WhiteElo "2390"]
[BlackElo "2042"]
[PlyCount "95"]
[EventDate "2016.03.25"]
[EventType "swiss"]
[EventRounds "6"]
[EventCountry "NED"]
[Source "DSC"]
[SourceDate "2016.03.25"]

1. e4 c6 2. d4 d5 3. Nd2 dxe4 4. Nxe4 Nf6 5. Nxf6+ gxf6 6. c3 Bf5 7. Nf3 e6 8.
g3 Bd6 9. Bg2 Be4 10. O-O Nd7 11. Re1 f5 12. Ng5 Nf6 13. Nxe4 Nxe4 14. Bxe4
fxe4 15. Qh5 Qf6 16. Rxe4 Qg6 17. Qxg6 hxg6 18. Bg5 Rh5 19. h4 Be7 20. Bxe7
Kxe7 21. Rae1 Rd8 22. Re5 Rhh8 23. Kg2 Rd6 24. Ra5 a6 25. Kh3 f6 26. g4 Kf7 27.
Kg3 Rd5 28. Rxd5 cxd5 29. f4 b5 30. Rh1 a5 31. Rh2 Kg7 32. f5 gxf5 33. gxf5 e5
34. Rg2 e4 35. Kf4+ Kf7 36. Rh2 Rg8 37. h5 Rg1 38. h6 Kg8 39. b3 Rf1+ 40. Ke3
Rf3+ 41. Kd2 Kh7 42. a4 bxa4 43. bxa4 Rxf5 44. c4 Rf3 45. c5 Rd3+ 46. Kc1 Rxd4
47. c6 e3 48. Rc2 1-0

[Event "Prinsenstad-toernooi - A groep"]
[Site "Delft"]
[Date "2016.03.25"]
[Round "1.8"]
[White "Van de Lisdonk, Lucien"]
[Black "Van Kerkhof, David"]
[Result "0-1"]
[WhiteElo "2034"]
[BlackElo "2319"]
[PlyCount "56"]
[EventDate "2016.03.25"]
[EventType "swiss"]
[EventRounds "6"]
[EventCountry "NED"]
[Source "DSC"]
[SourceDate "2016.03.25"]

1. e4 e5 2. Bc4 Nc6 3. Nc3 Nf6 4. d3 Na5 5. Bg5 Be7 6. Qd2 d6 7. Nge2 c6 8. O-O
h6 9. Bxf6 Bxf6 10. f4 exf4 11. Qxf4 Nxc4 12. dxc4 Qb6+ 13. Kh1 Qxb2 14. Qxd6
Bxc3 15. Rab1 Qxc2 16. Rfd1 Bf6 17. Nf4 Bg4 18. Rdc1 Qa4 19. Rxb7 Rd8 20. Rb8
Bc8 21. Rxc8 Rxc8 22. Ne6 c5 23. Nc7+ Rxc7 24. Qxc7 O-O 25. Qxc5 Rd8 26. Rf1
Qxa2 27. e5 Qe2 28. Kg1 Bxe5 0-1

[Event "Prinsenstad-toernooi - A groep"]
[Site "Delft"]
[Date "2016.03.25"]
[Round "1.9"]
[White "Bertholee, Rob"]
[Black "Verhoef, Pieter"]
[Result "1-0"]
[WhiteElo "2318"]
[BlackElo "2027"]
[PlyCount "43"]
[EventDate "2016.03.25"]
[EventType "swiss"]
[EventRounds "6"]
[EventCountry "NED"]
[Source "DSC"]
[SourceDate "2016.03.25"]

1. e4 e5 2. Nf3 Nf6 3. Nc3 Bb4 4. Bc4 O-O 5. Nxe5 Bxc3 6. dxc3 Qe7 7. Nf3 Qxe4+
8. Qe2 Qxe2+ 9. Bxe2 Re8 10. Bf4 d6 11. Nd4 a6 12. f3 Bd7 13. Kf2 Nc6 14. g4
Re7 15. Rhe1 Rae8 16. h4 Nd5 17. Bg5 Nxd4 18. cxd4 Nf6 19. h5 h6 20. Bh4 Kf8
21. c4 c5 22. Bg3 1-0

[Event "Prinsenstad-toernooi - A groep"]
[Site "Delft"]
[Date "2016.03.25"]
[Round "1.10"]
[White "Haver, Daan"]
[Black "Legemaat, Gert"]
[Result "1-0"]
[WhiteElo "2010"]
[BlackElo "2232"]
[PlyCount "109"]
[EventDate "2016.03.25"]
[EventType "swiss"]
[EventRounds "6"]
[EventCountry "NED"]
[Source "DSC"]
[SourceDate "2016.03.25"]

1. d4 e6 2. c4 f5 3. g3 Nf6 4. Bg2 Be7 5. Nc3 d5 6. Nh3 c6 7. O-O O-O 8. b3 Na6
9. a3 Nc7 10. Bf4 Ne4 11. Nxe4 dxe4 12. Qd2 Bf6 13. Rad1 Qe7 14. f3 Rd8 15. Qe3
exf3 16. Bxf3 h6 17. Be5 Ne8 18. b4 Nd6 19. Rc1 g5 20. Bh5 b5 21. cxb5 cxb5 22.
Bf3 Rb8 23. Bxf6 Qxf6 24. d5 Rb6 25. Rc7 Nc4 26. Qc5 Bd7 27. Rxa7 e5 28. Bg4
Rd6 29. Bh5 Nd2 30. Rd1 Ne4 31. Qc2 Rc8 32. Rc7 Qd8 33. Rxc8 Bxc8 34. Bf3 Nf6
35. Bg2 e4 36. Qc5 Qd7 37. Rc1 Bb7 38. Qa7 Nxd5 39. Nf2 Ra6 40. Qb8+ Kf7 41.
Qh8 Kg6 42. Nxe4 Qg7 43. Qd8 Qd4+ 44. Nf2 Nc3 45. Qg8+ Kh5 46. Qf7+ Rg6 47.
Rxc3 Qxc3 48. Bxb7 Qf6 49. Qe8 g4 50. Bd5 Kg5 51. Qe3+ Kh5 52. Nd3 Qb6 53. Nf4+
Kg5 54. Ne6+ Kh5 55. Ng7+ 1-0